Top 10 najpopularniejszych piosenek FNaF - Statystyki

Ogólne statystyki
  • Ten quiz został rozwiązany 31 razy
    16 od ostatniego zresetowania
  • Średni wynik to 3 z 10
Statystyki odpowiedzi
wyswietlenia piosenki % Poprawnych
636 mln. It's been so long
83%
580 mln. Five nights at freddy's
58%
240 mln. The bonnie song
42%
442 mln. Die in fire
33%
376 mln. You can't hide
25%
214 mln. I got no time
17%
223 mln. It's me
17%
158 mln. Below the surface
8%
151 mln. Don't come crying
8%
509 mln. Join us for bite
8%
Nie znaleziono quizów pasujących do podanych kryteriów
Rozkład punktacji
Procent ludzi z każdym wynikiem
Percentyl według liczby udzielonych odpowiedzi
Twoja historia wyników
Nie rozwiązałeś tego quizu od ostatniego zresetowania